Finish These Minecraft Movie Quotes - Statistics

General Stats
  • This quiz has been taken 86 times
  • The average score is 15 of 26
Answer Stats
Character Quote Answer % Correct
Steve Chicken ______... Jockey
96%
Steve The N_____ Nether
96%
Steve Coming in ___! Hot
92%
Steve Flint and _____... Steel
92%
Steve This pig is ____! Mine
90%
Steve As a child, I yearned for the _____ Mines
88%
Steve Lava _______ Chicken
86%
Steve ...an ender _____ Pearl
86%
Steve I... am _____ Steve
86%
Steve Water bucket _______! Release
81%
Steve Oh these dudes? They're the _________ Villagers
78%
Steve This... is a ________ _____ Crafting Table
63%
Steve They love ________ ____ Crushing loaf
62%
Steve Ever wonder what you get when you mix ___ ____ ___ _______? Hot lava and chicken
55%
Steve Diamond armor- ____ ___! Full set
52%
Steve Boots of _________ Swiftness
51%
Steve Blades for ____ Days
47%
Steve Pink _____ House
45%
Steve Big ol' ___ ____ Red ones
40%
Steve Got yourself a sweet _____ Blade
32%
Steve Go on a journey and think of me, ______ Dennis
32%
Steve A bunch of big _______ Softies
29%
Steve Let my hips _____ ___ Guide you
25%
Garrett I think this is _______ Wyoming
21%
Steve Welcome to the _____ Stash
15%
Garrett Buck-________ Chuckets
10%
No matching quizzes found
Score Distribution
Percent of People with Each Score
Percentile by Number Answered
Your Score History
You have not taken this quiz